|
|
แสดงรายละเอียดบรรณานุกรม |
|
|
Brief Record
: Get Marc (ISO 2709)
: E-mail record
: |
|
|
|
| LEADER 00000nama 2200000uu 4500 | |||
| 001 193941 | |||
| 003 ULIBM | |||
| 008 040531s|||| th m m a000 0 tha d | |||
| 020 ^a978-974-88179-4-1 | |||
| 041 tha | |||
| 050 WY85 ล216ส 2549 | |||
| 100 ละเอียด แจ่มจันทร์,บรรณาธิการ. | |||
| 245 สาระทบทวน กฎหมายและจรรยาบรรณวิชาชีพการพยาบาล. | |||
| 246 0 ^aโครงการผลิตพยาบาลชุมชนฯ | |||
| 250 พิมพ์ครั้งที่ 3. | |||
| 260 2549. จุดทอง. กรุงเทพฯ. | |||
| 300 144 หน้า. | |||
| 440 สาระทบทวน. | |||
| 600 ดร. สุรี ขันธลักษวงศ์. | |||
| 650 จรรยาบรรณวิชาชีพพยาบาล. | |||
| 995 001 | |||
| 999 ^aใช้งานได้ทุกระบบ | |||
| คุณยังไม่ได้ล็อกอิน คุณสามารถมีกิจกรรมร่วมกับเว็บไซต์ได้ แต่ต้องล็อกอินก่อน :: |
|
| สถานะ | |||||||||
| 1. | หนังสือทั่วไป | WY85 ล216ส 2549 | On Shelf ขอยืม | ||||||
| 2. | หนังสือทั่วไป | WY85 ล216ส 2549 | On Shelf ขอยืม | ||||||
| 3. | หนังสือทั่วไป | WY85 ล216ส 2549 | On Shelf ขอยืม | ||||||
| 4. | หนังสือทั่วไป | WY85 ล216ส 2549 | On Shelf ขอยืม | ||||||
| 5. | หนังสือทั่วไป | WY85 ล216ส 2549 | On Shelf ขอยืม | ||||||
| 6. | หนังสือทั่วไป | WY85 ล216ส 2549 | On Shelf ขอยืม | ||||||
| 7. | หนังสือทั่วไป | WY85 ล216ส 2549 | On Shelf ขอยืม | ||||||
| 8. | หนังสือทั่วไป | WY85 ล216ส 2549 | On Shelf ขอยืม | ||||||
| 9. | หนังสือทั่วไป | WY85 ล216ส 2549 | On Shelf ขอยืม | ||||||
| 10. | หนังสือทั่วไป | WY85 ล216ส 2549 | On Shelf ขอยืม | ||||||
| 11. | หนังสือทั่วไป | WY85 ล216ส 2549 | On Shelf ขอยืม | ||||||
| 12. | หนังสือทั่วไป | WY85 ล216ส 2549 | On Shelf ขอยืม | ||||||
| | |||||||||
| รายการใกล้เคียง ผู้แต่ง [ละเอียด แจ่มจันทร์,บรรณาธิการ.]
|
BibComment |
| คอมเมนท์ทรัพยากรรายการนี้ |
|
|